| 000 | 00419cam a22001331 4500 | ||
|---|---|---|---|
| 001 | 000001213 | ||
| 005 | 20200929145516.0 | ||
| 008 | 760427s1952 it af 000 0 ita | ||
| 040 |
_aDO-SdBNP _bspa _cBNPHU |
||
| 100 | 1 |
_aVocino, Michele, _d1881- _94141 |
|
| 245 | 1 | 0 |
_aStoria del costume; : _bventi secoli di vita italiana. |
| 260 |
_aRoma, : _bLibreria dello Stato, _c1952. |
||
| 300 |
_a710 p. : _billus. (part col.) ; _c30 cm. |
||
| 999 |
_c1161 _d1161 |
||